00640nam a2200241 a 4500001001300000003000900013005001700022008004100039020001000080082001600090100001600106245002100122260003900143300000900182500003500191505001000226650002200236700001600258902000800274942000700282952009600289999001300385nice12345678IN_TiNIC20260116011335.0050524s1912 alla grp 000 0 eng  ac10000a297.63bASG aAsghar, G A aLife of Mohammad aAllahbadbG.A.Asghar and Co.c1912 a232p aincludes index and biblioraphy2 aIndex aMuhammad, Prophet1 aAsghar, G A bSRS cBK 00104070aHMIbHMId2007-07-09g100.00l0o297.63 ASGp01071r2007-07-09w2026-01-16yEB c653d653